Normal view
MARC view
Entry Topical Term
001 - CONTROL NUMBER
- control field: 14535
003 - CONTROL NUMBER IDENTIFIER
- control field: OSt
005 - DATE AND TIME OF LATEST TRANSACTION
- control field: 20211105133818.0
008 - FIXED-LENGTH DATA ELEMENTS
- fixed length control field: 211105|| aca||aabn | a|a d
040 ## - CATALOGING SOURCE
- Original cataloging agency: OSt
- Transcribing agency: OSt
150 ## - HEADING--TOPICAL TERM
- Topical term or geographic name entry element: ESA Spacecraft
670 ## - SOURCE DATA FOUND
- Source citation: Work cat.: (OSt): Giotto PEWG Meeting on the Giotto Spacecraft Impact-induced Plasma Environment Austria 1984 Apr. 10-12 14534, The Giotto Spacecraft impact-induced plasma environment, 1984